000 00925nam a2200289 c 4500
003 BLK
005 20221020030012.0
008 180409b bul|||||r ||||||| ||bul||
010 _aKNG00140210000
040 _aBLK
041 _aBUL
_cBUL
080 _aБългарска литература
_b821.163.2
_x-31
_z821.163.2-31
100 1 _aРайнов, Богомил Николаев
_9364081
139 _aРайнов, Богомил Николаев
_bР 28
245 1 0 _aТретият път
_bРоман
_cБогомил Николаев Райнов.
257 _aBGR
260 София
_bБълг. писател
_c1977
300 _a256 с.
_c21 см
380 _aX
500 _a40 113 тир.
653 _aромани
852 _aЦб 85359
856 4 _qpdf
_u
856 4 _qpdf
_u
942 _cKNG
_n0
944 _aCR
_c04.03.2013
_kВиолета_Тройчева
944 _aED
_c21.06.2013
_k
999 _c134298
_d134298